1960's Music Groups - Sudden Death - Statistics

General Stats
  • This quiz has been taken 108 times
    28 since last reset
  • The average score is 12 of 19
Answers on the Grid
Answers color-coded by a green-red scale on the quiz's grid according to % correct below.
The Bleached Boys
The Byrds
The Who
Buckingham Boys
Marmalade
The Kinks
The Four Cheeses
The Ronettes
The Fourmost
The Jimjams
Nottingham Lace
The Chiffons
The Drifters
Amen Corner
The What
B. Bumble And The Stingers
The Little Red Roosters
Canned Heat
The Dandies
The Freak Like Four
Mamas And The Papas
The Sandpipers
Spotniks
The Zombies
The Toys
The Champions
The Prima Donna's
Freddie And The Dreamers
The Seekers
Herman's Hermits
 
Answer Stats
Answer % Correct
The Kinks
92%
The Who
92%
Mamas And The Papas
88%
The Byrds
88%
The Ronettes
88%
The Drifters
83%
Herman's Hermits
75%
The Zombies
71%
Canned Heat
67%
Marmalade
63%
The Chiffons
63%
The Seekers
63%
Freddie And The Dreamers
54%
The Sandpipers
54%
B. Bumble And The Stingers
38%
The Fourmost
33%
The Toys
33%
Amen Corner
21%
Spotniks
8%
No matching quizzes found
Score Distribution
Percent of People with Each Score
Percentile by Number Answered
Your Score History
You have not taken this quiz since the last reset